| 000 | 00778cam a2200241u 4500 | ||
|---|---|---|---|
| 001 | 17053 | ||
| 003 | BD-RjUL | ||
| 005 | 20211209000100.0 | ||
| 008 | 140216r19711939xx c 001 0 eng | ||
| 035 | _a(BD-RjUL)17110 | ||
| 040 |
_aDLC _cCarP _dDLC _dBD-RjUL _beng |
||
| 041 | _aeng | ||
| 082 |
_a780.954 _bRAH _223 |
||
| 100 | 1 |
_aRanade, G. H. _q(Ganesh Hari) _952605 |
|
| 245 | 1 | 0 |
_aHindusthāni music; _ban outline of its physics and æsthetics / _nG.H. Ranade |
| 260 |
_aSangli : _bMombay Public Prokahoni, _c1939 [reprinted 1971] |
||
| 300 |
_aviii, 203 p. ; _c19 cm. |
||
| 504 | _aIncludes index. | ||
| 650 | 0 |
_aHindustani music _xHistory and criticism. _950889 |
|
| 650 | 0 |
_aHindustani music _xPhilosophy and aesthetics. _952606 |
|
| 942 |
_2ddc _cBK |
||
| 999 |
_c17053 _d17053 |
||